Introduction to commutative algebra
Збережено в:
| Автори: | , |
|---|---|
| Формат: | Книга |
| Мова: | Англійська |
| Опубліковано: |
Reading
Addison-Wesley
1969
|
| Серія: | Addison-Wesley Series in Mathematics
|
| Предмети: | |
| Теги: |
Додати тег
Немає тегів, Будьте першим, хто поставить тег для цього запису!
|
MARC
| LEADER | 00000nam a2200000 a 4500 | ||
|---|---|---|---|
| 001 | UCQ8396 | ||
| 003 | CL-VaPUC | ||
| 008 | 981209e19690000US |||||||||||||||||eng|d | ||
| 082 | 0 | 4 | |a 512.24 |b ATI |2 21 |
| 100 | 0 | |a Atiyah, Michael F |e author |9 422388 | |
| 700 | 0 | |a Macdonald, I. G |e author |9 422389 | |
| 245 | 1 | 0 | |a Introduction to commutative algebra |
| 300 | |a 128 p | ||
| 942 | |c BK | ||
| 945 | |d 19981209 00:00:00 |a crobeson | ||
| 260 | |a Reading |b Addison-Wesley |c 1969 | ||
| 650 | 0 | |a Álgebra conmutativa |9 269932 | |
| 650 | 0 | |a Análisis combinatorio |9 269849 | |
| 650 | 0 | |a Estructuras algebraicas |9 422373 | |
| 650 | 0 | |a Anillos |9 374316 | |
| 650 | 7 | |a GRUPOS |2 CL-VaPUC |9 336429 | |
| 650 | 7 | |a IDEALES |2 CL-VaPUC |9 422392 | |
| 650 | 0 | |a Módulos |9 356144 | |
| 583 | |a last modification |c 19981209 00:00:00 |k Rodrigo Vera | ||
| 490 | 0 | |a Addison-Wesley Series in Mathematics | |
| 999 | |c 277681 |d 277679 | ||
| 952 | |0 0 |1 0 |4 0 |6 512_240000000000000_ATI_1969 |7 0 |8 A |9 315751 |a BIBMAT |b BIBMAT |d 2019-11-20 |i 1304208 |l 2 |m 3 |o 512.24 ATI 1969 |p 1304208 |r 2025-01-07 |s 2022-05-18 |w 2019-11-20 |y BK |k MAT | ||
| 952 | |0 0 |1 0 |4 0 |6 512_240000000000000_ATI_1969 |7 0 |8 A |9 315752 |a BIBMAT |b BIBMAT |d 2019-11-20 |i 1317717 |o 512.24 ATI 1969 |p 1317717 |r 2025-01-07 |w 2019-11-20 |y BK |k MAT | ||
| 952 | |0 0 |1 0 |4 0 |6 512_240000000000000_ATI_1969 |7 0 |8 A |9 315753 |a BIBMAT |b BIBMAT |d 2019-11-20 |i 1318349 |o 512.24 ATI 1969 |p 1318349 |r 2025-01-07 |w 2019-11-20 |y BK |k MAT | ||
| 952 | |0 0 |1 0 |4 0 |6 512_240000000000000_ATI_1969 |7 0 |8 A |9 315754 |a BIBMAT |b BIBMAT |d 2019-11-20 |i 1318330 |o 512.24 ATI 1969 |p 1318330 |r 2025-01-07 |w 2019-11-20 |y BK |k MAT | ||